000 00463nam a2200193Ia 4500
005 20250603144709.0
008 250603s9999 xx 000 0 und d
020 _a978-321-54428-5 / 0-321-54428-5
050 _aQA 76.5 .B76/
100 _aBrookshear, J. Glenn
245 0 _aComputer science: an overveiw
250 _a10th ed.
260 _aNew Jersey
260 _bPearson
260 _c2009
300 _a684 p
650 _aNew Jersey
942 _cBK
999 _c39686
_d39686